UM Logo

Automotive Maintenance & Light Repair/ (Record no. 351)

MARC details
000 -LEADER
fixed length control field 00571nam a22001697a 4500
008 - FIXED-LENGTH DATA ELEMENTS--GENERAL INFORMATION
fixed length control field 151201b xxu||||| |||| 00| 0 eng d
020 ## - INTERNATIONAL STANDARD BOOK NUMBER
International Standard Book Number 978111130741
082 ## - DEWEY DECIMAL CLASSIFICATION NUMBER
Edition number 2014
Classification number DC 629.28822
Item number T38
100 ## - MAIN ENTRY--PERSONAL NAME
9 (RLIN) 24784
Personal name Thompson, Rob, author.
245 ## - TITLE STATEMENT
Title Automotive Maintenance & Light Repair/
Statement of responsibility, etc. Rob Thompson
260 ## - PUBLICATION, DISTRIBUTION, ETC. (IMPRINT)
Place of publication, distribution, etc. Australia:
Name of publisher, distributor, etc. Delmar Cengage Learning,
Date of publication, distribution, etc. c2014.
300 ## - PHYSICAL DESCRIPTION
Extent x, 800 pages:
Other physical details colored illustration
Dimensions 28cm
500 ## - GENERAL NOTE
General note Includes Appendix, Glossary and Index
650 #0 - SUBJECT ADDED ENTRY--TOPICAL TERM
9 (RLIN) 24786
Topical term or geographic name as entry element Automobiles
General subdivision Maintenance and repair.
365 ## - TRADE PRICE
Price amount 3225
Currency code Php
942 ## - ADDED ENTRY ELEMENTS (KOHA)
Source of classification or shelving scheme Dewey Decimal Classification
Koha item type Circulation
Holdings
Withdrawn status Lost status Source of classification or shelving scheme Damaged status Not for loan Collection code Home library Current library Shelving location Date acquired Source of acquisition Total Checkouts Full call number Barcode Date last seen Date last checked out Price effective from Koha item type
    Dewey Decimal Classification     Circulation UM Digos College - LIC UM Digos College - LIC Book Cart 09/25/2014 Purchased 3 DC 629.28822 T38 2014 22510 05/15/2025 08/05/2019 12/01/2015 Circulation